000
00264nam a22001217a 4500
082
_a
001
_b
CHR/B
100
_a
THE CHRISTADELPHIANS
245
_a
BIBLE Q & A
260
_a
HYDERABAD
_b
THE CHRISTADELPHIANS
300
_a
32
650
_a
SPIRITUAL
_z
INDIA
942
_c
BK
999
_c
4774
_d
4774